书目信息 |
| 题名: |
战胜自身惰性的法宝
|
|
| 作者: | 斋藤茂太 著 ;陈诚 译 | |
| 分册: | ||
| 出版信息: | 北京 科学出版社 2007.01 |
|
| 页数: | 155页 | |
| 开本: | 21cm | |
| 丛书名: | 打造成功心理系列 | |
| 单 册: | ||
| 中图分类: | B848.4 | |
| 科图分类: | ||
| 主题词: | 意志--yi zhi--通俗读物 | |
| 电子资源: | ||
| ISBN: | 978-7-03-018053-7 | |
| 000 | 00972nam 2200253 450 | |
| 001 | 012007786391 | |
| 005 | 20071010155611.70 | |
| 010 | @a978-7-03-018053-7@dCNY19.00 | |
| 100 | @a20070812d2007 km y0chiy0120 ea | |
| 101 | 1 | @achi@cjpn |
| 102 | @aCN@b110000 | |
| 105 | @aa z 000yy | |
| 200 | 1 | @a战胜自身惰性的法宝@Azhan sheng zi shen duo xing de fa bao@f(日) 斋藤茂太著@F(ri)zhai teng mao tai zhu@g陈诚译@Gchen cheng yi |
| 210 | @a北京@c科学出版社@d2007.01 | |
| 215 | @a155页@c图@d21cm | |
| 225 | 2 | @a打造成功心理系列@Ada zao cheng gong xin li xi lie |
| 330 | @a本书从心理学角度对人们的惰性进行了分析,分析了产生惰性的众多原因,并给出了具体的切实可行的建议。内容包括:并非所有事情都如此紧急,克服负面情绪,优先完成重要的事项等。 | |
| 410 | 0 | @12001 @a打造成功心理系列 |
| 606 | 0 | @a意志@Ayi zhi@j通俗读物 |
| 690 | @aB848.4@v4 | |
| 701 | 0 | @a斋藤茂太@Azhai teng mao tai@4著 |
| 702 | 0 | @a陈诚@Achen cheng@4译 |
| 801 | 0 | @aCN@c20071010 |
| 905 | @dB848.4@eZ043 | |
| 战胜自身惰性的法宝/(日) 斋藤茂太著/陈诚译.-北京:科学出版社,2007.01 |
| 155页:图;21cm.-(打造成功心理系列) |
| ISBN 978-7-03-018053-7:CNY19.00 |
| 本书从心理学角度对人们的惰性进行了分析,分析了产生惰性的众多原因,并给出了具体的切实可行的建议。内容包括:并非所有事情都如此紧急,克服负面情绪,优先完成重要的事项等。 |
| ● |
| 相关链接 |
|
|
|
正题名:战胜自身惰性的法宝
索取号:B848.4/Z043
 
预约/预借
| 序号 | 登录号 | 条形码 | 馆藏地/架位号 | 状态 | 备注 |
| 1 | 253459 | 202534597 | 社科库509/422社科库 43排1列4层/ [索取号:B848.4/Z043] | 在馆 | |
| 2 | 253460 | 202534604 | 社科库509/509社科库 51排5列1层/ [索取号:B848.4/Z043] | 在馆 | |
| 3 | 253461 | 202534613 | 社科库509/422社科库 43排1列4层/ [索取号:B848.4/Z043] | 在馆 |